| 000 | 00363nam a2200121Ia 4500 | ||
|---|---|---|---|
| 008 | 210430s9999 xx 000 0 und d | ||
| 082 | _a620.1 N665 M | ||
| 100 | _aLawrence E Nielsen | ||
| 245 |
_aMechanical properties of polymers and composites 2nd edition _cLawrence E Nielsen |
||
| 260 |
_aBoca Raton _bCRC Press _c1994 |
||
| 300 | _a557p. | ||
| 942 |
_cBK _2ddc |
||
| 999 |
_c563466 _d563466 |
||